000 00876nam a2200241Ia 4500
003 OSt
005 20220923212045.0
006 a|||||r|||| 00| 0
007 ta
008 220922b |||||||| |||| 00| 0 hin d
024 _a150,376
037 _cTextual
040 _aARTS
_cARTS
_bhin
041 _2hin
_ahin
082 _aB28, 152M6
100 _aसिंह, अरूण कुमार
245 0 _aमनोविज्ञान समाजशास्त्र तथा शिक्षा में सांख्यिकी
246 _ahinovijnyān samājashāstra tathā shikṣhā mean sāankhyikī
260 _aपटना
_b नोवेल्टी एण्ड कम्पनी
_c1986
300 _a379 पृ.
_ccm.
942 _hB28, 152M6
_cTEXL
_2CC
999 _c306056
_d306056